Показатели парогазовой установки на базе серийной ГТУ, работающей на генераторном газе; Электроэнергетика глазами молодежи; Т. 2
| Parent link: | Электроэнергетика глазами молодежи: сборник докладов V международной молодежной научно-технической конференции, г. Томск, 10-14 ноября 2014 г./ Национальный исследовательский Томский политехнический университет (ТПУ) ; ред. кол. Р. А. Вайнштейн и [др.].— , 2014 Т. 2.— 2014.— [С. 373-378] |
|---|---|
| 1. Verfasser: | |
| Körperschaft: | |
| Weitere Verfasser: | |
| Zusammenfassung: | Заглавие с титульного экрана |
| Sprache: | Russisch |
| Veröffentlicht: |
2014
|
| Schriftenreihe: | Тепловые и атомные электростанции |
| Schlagworte: | |
| Online-Zugang: | http://earchive.tpu.ru/handle/11683/69888 http://www.lib.tpu.ru/fulltext/c/2014/C86/V2/057.pdf |
| Format: | MixedMaterials Elektronisch Buchkapitel |
| KOHA link: | https://koha.lib.tpu.ru/cgi-bin/koha/opac-detail.pl?biblionumber=609738 |
MARC
| LEADER | 00000naa2a2200000 4500 | ||
|---|---|---|---|
| 001 | 609738 | ||
| 005 | 20260325155420.0 | ||
| 035 | |a (RuTPU)RU\TPU\conf\7266 | ||
| 090 | |a 609738 | ||
| 100 | |a 20141203d2014 k y0rusy50 ca | ||
| 101 | 0 | |a rus | |
| 102 | |a RU | ||
| 135 | |a drgn ---uucaa | ||
| 181 | 0 | |a i | |
| 182 | 0 | |a b | |
| 200 | 1 | |a Показатели парогазовой установки на базе серийной ГТУ, работающей на генераторном газе |f А. М. Антонова, Д. С. Чернов |g науч. рук. А. М. Антонова | |
| 203 | |a Текст |c электронный | ||
| 225 | 1 | |a Тепловые и атомные электростанции | |
| 300 | |a Заглавие с титульного экрана | ||
| 320 | |a [Библиогр.: 378 (5 назв.)] | ||
| 337 | |a Adobe Reader | ||
| 461 | 1 | |0 (RuTPU)RU\TPU\conf\7165 |t Электроэнергетика глазами молодежи |o сборник докладов V международной молодежной научно-технической конференции, г. Томск, 10-14 ноября 2014 г. |o в 2 т. |f Национальный исследовательский Томский политехнический университет (ТПУ) ; ред. кол. Р. А. Вайнштейн и [др.] |d 2014 | |
| 463 | 0 | |0 (RuTPU)RU\TPU\conf\7172 |t Т. 2 |v [С. 373-378] |d 2014 | |
| 610 | 1 | |a труды учёных ТПУ | |
| 610 | 1 | |a электронный ресурс | |
| 610 | 1 | |a показатели | |
| 610 | 1 | |a парогазовые установки | |
| 610 | 1 | |a газотурбинные установки | |
| 610 | 1 | |a ГТУ | |
| 610 | 1 | |a генераторный газ | |
| 610 | 1 | |a парогазовые технологии | |
| 700 | 1 | |a Антонова |b А. М. |c специалист в области энергетики |c доцент Томского политехнического университета, кандидат технических наук |f 1952- |g Александра Михайловна |3 (RuTPU)RU\TPU\pers\26028 |9 11875 | |
| 701 | 1 | |a Чернов |b Д. С. | |
| 702 | 1 | |a Антонова |b А. М. |c специалист в области энергетики |c доцент Томского политехнического университета, кандидат технических наук |f 1952- |g Александра Михайловна |4 727 | |
| 712 | 0 | 2 | |a Национальный исследовательский Томский политехнический университет (ТПУ) |b Энергетический институт (ЭНИН) |b Кафедра атомных и тепловых электростанций (АТЭС) |3 (RuTPU)RU\TPU\col\18683 |
| 801 | 2 | |a RU |b 63413507 |c 20141124 |g RCR | |
| 801 | 2 | |a RU |b 63413507 |c 20220228 |g RCR | |
| 850 | |a 63413507 | ||
| 856 | 4 | |u http://earchive.tpu.ru/handle/11683/69888 | |
| 856 | 4 | |u http://www.lib.tpu.ru/fulltext/c/2014/C86/V2/057.pdf | |
| 942 | |c BK | ||